00453nam a2200145Ia 4500003000400000008004100004040001600045082002000061100003100081245008600112260004000198300001100238490000500249650005300254GCL140319s9999 xx 000 0 ara d aGCL / cGCL04a816.05bهـ ا1 aهيكل نعمة الله10aاشهر رسائل الحب فى التاريخ / cهيكل نعمة الله a[S.N] : bجروس برس ، c1991 a157 ص a04aالرسائل العربية العاطفية